[Event "Titled Tuesday intern op 16th Apr Early"]
[Site "Chess.com INT"]
[Date "2024.04.16"]
[Round "3"]
[White "Arutinian, David"]
[Black "Al Tarbosh, Ward"]
[Result "1-0"]
[WhiteElo "2549"]
[BlackElo "2262"]
[PlyCount "55"]
[EventDate "2024.04.16"]
[EventType "swiss (blitz)"]
[EventRounds "11"]
[EventCountry "USA"]
[SourceTitle "CB17_2024"]
[SourceDate "2024.04.24"]
[SourceVersion "1"]
[SourceVersionDate "2024.04.24"]
[SourceQuality "1"]

1. Nf3 Nf6 2. c4 b6 3. g3 Bb7 4. Bg2 c5 5. 0-0 g6 6. Nc3 Bg7 7. d4 cxd4 8. Qxd4 Nc6 9. Qd2 0-0 10. Rd1 Na5 11. b3 Ne4 12. Nxe4 Bxa1 13. Nc3 d6 14. Ba3 Bxc3 15. Qxc3 Rc8 16. Bb2 f6 17. Qe3 Qd7 18. h4 e5 19. Kh2 Rcd8 20. Bh3 Qe7 21. h5 Bc8 22. Bxc8 Rxc8 23. Nh4 Kg7 24. Bc1 Kf7 25. Qh6 g5 26. Nf5 Qe6 27. Qxh7+ Ke8 28. Ng7+ 1-0

[Event "Titled Tuesday intern op 16th Apr Early"]
[Site "Chess.com INT"]
[Date "2024.04.16"]
[Round "6"]
[White "Arutinian, David"]
[Black "Dominguez Perez, Leinier"]
[Result "1/2-1/2"]
[WhiteElo "2549"]
[BlackElo "2748"]
[PlyCount "163"]
[EventDate "2024.04.16"]
[EventType "swiss (blitz)"]
[EventRounds "11"]
[EventCountry "USA"]
[SourceTitle "CB17_2024"]
[SourceDate "2024.04.24"]
[SourceVersion "1"]
[SourceVersionDate "2024.04.24"]
[SourceQuality "1"]

1. Nf3 Nf6 2. c4 c5 3. Nc3 Nc6 4. e3 a6 5. d4 cxd4 6. exd4 d5 7. cxd5 Nxd5 8. Bc4 Be6 9. Bb3 Nxc3 10. bxc3 Bxb3 11. axb3 e6 12. 0-0 Be7 13. Re1 0-0 14. Be3 Qc7 15. Qd3 h6 16. Red1 Rfd8 17. Rac1 Rac8 18. c4 Bf6 19. Qe4 Qe7 20. Bf4 Rd7 21. c5 Rd5 22. Bd6 Qd8 23. Ne5 Nxd4 24. b4 Bxe5 25. Bxe5 Nc6 26. Rxd5 exd5 27. Qf4 Qg5 28. Qxg5 hxg5 29. Bc3 d4 30. Bd2 f6 31. Kf1 Kf7 32. Rb1 Ke6 33. b5 axb5 34. Rxb5 Rc7 35. f4 gxf4 36. Bxf4 Rd7 37. Bd6 Kd5 38. Ke2 f5 39. h4 g6 40. Kd3 Rh7 41. g3 Rf7 42. Rb6 Rg7 43. Rb5 Rh7 44. Rb6 Rd7 45. Rb5 Nd8 46. Bf4 Ne6 47. Bd6 Rh7 48. Rb6 f4 49. Bxf4 Nxc5+ 50. Kd2 Ne4+ 51. Kd3 Nc5+ 52. Kd2 Rg7 53. Bh6 Ne4+ 54. Kd3 Nc5+ 55. Kd2 Rg8 56. Bf4 Ra8 57. Rxg6 Ra2+ 58. Kc1 Nd3+ 59. Kb1 Rb2+ 60. Ka1 Rh2 61. Rb6 Nxf4 62. gxf4 d3 63. Rxb7 Kd4 64. Rd7+ Kc3 65. Rc7+ Kd2 66. Kb2 Rxh4 67. Rf7 Rh8 68. f5 Rb8+ 69. Ka2 Rd8 70. Kb2 Ke2 71. Re7+ Kd1 72. f6 Rd6 73. f7 Rf6 74. Rd7 d2 75. Kc3 Rf3+ 76. Kb2 Ke2 77. Re7+ Kf1 78. Kc2 Rf2 79. Kd1 Kg1 80. Rd7 Kh1 81. Rxd2 Rxf7 82. Rd3 1/2-1/2

[Event "Titled Tuesday intern op 13th Jun Early"]
[Site "Chess.com INT"]
[Date "2023.06.13"]
[Round "3"]
[White "Arutinian, David"]
[Black "Chen, Justin"]
[Result "1-0"]
[WhiteElo "2549"]
[BlackElo "2333"]
[PlyCount "97"]
[EventDate "2023.06.13"]
[EventType "swiss (blitz)"]
[EventRounds "11"]
[EventCountry "USA"]
[SourceTitle "EXT 2024"]
[Source "ChessBase"]
[SourceDate "2023.10.10"]
[SourceVersion "1"]
[SourceVersionDate "2023.10.10"]
[SourceQuality "1"]

1. Nf3 d5 2. e3 Nf6 3. c4 c6 4. Nc3 a6 5. b3 Bg4 6. Bb2 e6 7. h3 Bh5 8. d4 Nbd7 9. Be2 Bd6 10. 0-0 0-0 11. Nd2 Bxe2 12. Qxe2 Qe7 13. e4 dxe4 14. Ndxe4 Ba3 15. Bxa3 Qxa3 16. c5 Nxe4 17. Nxe4 e5 18. dxe5 Nxe5 19. Nd6 Qxc5 20. Nxb7 Qb5 21. Rfe1 Qxb7 22. Qxe5 a5 23. Qc5 a4 24. b4 a3 25. Rac1 h6 26. Re7 Qb5 27. Qxb5 cxb5 28. Rcc7 Ra4 29. Re4 Rd8 30. Rf4 Rd2 31. Rfxf7 Rxa2 32. Rxg7+ Kh8 33. Rge7 Ra8 34. Ra7 Rxa7 35. Rxa7 Rb2 36. Rxa3 Rxb4 37. Ra7 Rb2 38. Rb7 Kg8 39. g4 Kf8 40. Kg2 Kg8 41. Kg3 Rb4 42. f3 Rb3 43. h4 Kh8 44. g5 hxg5 45. hxg5 Kg8 46. Kg4 Rb4+ 47. f4 Rb2 48. Kf5 b4 49. Kf6 1-0

[Event "Titled Tuesday intern op 13th Jun Early"]
[Site "Chess.com INT"]
[Date "2023.06.13"]
[Round "7"]
[White "Arutinian, David"]
[Black "Lazavik, Denis"]
[Result "0-1"]
[WhiteElo "2549"]
[BlackElo "2553"]
[PlyCount "90"]
[EventDate "2023.06.13"]
[EventType "swiss (blitz)"]
[EventRounds "11"]
[EventCountry "USA"]
[SourceTitle "EXT 2024"]
[Source "ChessBase"]
[SourceDate "2023.10.10"]
[SourceVersion "1"]
[SourceVersionDate "2023.10.10"]
[SourceQuality "1"]

1. Nf3 d5 2. e3 Nf6 3. c4 c6 4. Nc3 Bf5 5. cxd5 cxd5 6. Qb3 Bc8 7. Bb5+ Nc6 8. e4 e6 9. d3 Be7 10. 0-0 0-0 11. e5 Nd7 12. d4 f6 13. exf6 Nxf6 14. Re1 a6 15. Bd3 Bd7 16. Qd1 Bd6 17. Bg5 Qc7 18. Bh4 Rae8 19. Bc2 Bc8 20. Rc1 Qf7 21. Bg3 Bxg3 22. hxg3 Kh8 23. a3 Ng4 24. Qd3 Qh5 25. Nd1 e5 26. dxe5 Ncxe5 27. Rxe5 Nxe5 28. Nxe5 Rxe5 29. Ne3 Bf5 30. Nxf5 Rexf5 31. f3 Re5 32. Bb3 Qh6 33. Rd1 Qb6+ 34. Kf1 Rh5 35. Bxd5 Rd8 36. Qb3 Rh1+ 37. Ke2 Qxb3 38. Bxb3 Rdxd1 39. Bxd1 Rg1 40. Bc2 Rxg2+ 41. Kd3 Rxg3 42. Ke3 Rg2 43. Kd3 h5 44. b4 h4 45. Bd1 h3 0-1

[Event "Titled Tuesday intern op 13th Jun Early"]
[Site "Chess.com INT"]
[Date "2023.06.13"]
[Round "10"]
[White "Arutinian, David"]
[Black "Madaminov, Mukhiddin"]
[Result "1-0"]
[WhiteElo "2549"]
[BlackElo "2431"]
[PlyCount "93"]
[EventDate "2023.06.13"]
[EventType "swiss (blitz)"]
[EventRounds "11"]
[EventCountry "USA"]
[SourceTitle "EXT 2024"]
[Source "ChessBase"]
[SourceDate "2023.10.10"]
[SourceVersion "1"]
[SourceVersionDate "2023.10.10"]
[SourceQuality "1"]

1. Nf3 Nf6 2. c4 g6 3. Nc3 d5 4. cxd5 Nxd5 5. d3 Bg7 6. Bd2 0-0 7. g3 b6 8. Bg2 Bb7 9. 0-0 c5 10. Qa4 Nb4 11. a3 Bc6 12. Qb3 Nd5 13. Qc4 Nxc3 14. Bxc3 h6 15. Bxg7 Kxg7 16. b4 Nd7 17. Qc3+ Kg8 18. bxc5 bxc5 19. Rfc1 Rb8 20. Nd2 Bxg2 21. Kxg2 Qc7 22. Ne4 Qc6 23. Kg1 Rfc8 24. Qd2 Kg7 25. Rc4 Qd5 26. Rac1 Rb6 27. Qc3+ Kg8 28. Nxc5 Rbc6 29. Nxd7 Rxc4 30. dxc4 Qxd7 31. c5 Qc6 32. Qe3 Qa6 33. Rc2 e6 34. Qc3 Qc6 35. Qd3 h5 36. h4 a5 37. Rc1 Qa4 38. Qc3 Rc6 39. e3 Kh7 40. Rb1 Rc7 41. Rb8 Qd1+ 42. Kh2 f6 43. Qxf6 Rg7 44. Qf8 Kh6 45. Qh8+ Rh7 46. Qf8+ Rg7 47. Rb7 1-0

[Event "Titled Tuesday intern op 13th Jun Early"]
[Site "Chess.com INT"]
[Date "2023.06.13"]
[Round "6"]
[White "Nazari, Arad"]
[Black "Arutinian, David"]
[Result "0-1"]
[WhiteElo "2367"]
[BlackElo "2549"]
[PlyCount "98"]
[EventDate "2023.06.13"]
[EventType "swiss (blitz)"]
[EventRounds "11"]
[EventCountry "USA"]
[SourceTitle "EXT 2024"]
[Source "ChessBase"]
[SourceDate "2023.10.10"]
[SourceVersion "1"]
[SourceVersionDate "2023.10.10"]
[SourceQuality "1"]

1. e4 c6 2. Nf3 d5 3. Nc3 dxe4 4. Nxe4 Nf6 5. Qe2 Nxe4 6. Qxe4 Be6 7. b3 Nd7 8. Bb2 Nf6 9. Qe2 Bf5 10. 0-0-0 e6 11. h3 Qa5 12. Kb1 Be7 13. d3 Nd5 14. g4 Bg6 15. Ne5 Nc3+ 16. Bxc3 Qxc3 17. Qe1 Qd4 18. c3 Qd5 19. Rh2 Bf6 20. f4 0-0-0 21. h4 Bxe5 22. Qxe5 Qf3 23. Qe2 Qxf4 24. Rh3 h5 25. Rf3 Qxg4 26. Bh3 Qxh4 27. Bxe6+ fxe6 28. Qxe6+ Kb8 29. Qxg6 Ka8 30. Qxg7 a6 31. Qg3 Qe7 32. Qh3 h4 33. Kc2 Qg5 34. Rd2 Rdg8 35. a4 Qg1 36. Rf1 Qg5 37. Rf5 Qe7 38. Rf1 Qa3 39. Rb1 Rg3 40. Qf5 Qe7 41. Qf2 Qg7 42. Rh1 h3 43. Qh2 Rh6 44. b4 Rg2 45. Qf4 Rxd2+ 46. Qxd2 Qg3 47. Rh2 Rg6 48. Qf2 Qxf2+ 49. Rxf2 Rg2 0-1

[Event "Titled Tuesday intern op 27th Sep Early"]
[Site "Chess.com INT"]
[Date "2022.09.27"]
[Round "5"]
[White "Arutinian, David"]
[Black "Yang, Ray"]
[Result "1-0"]
[WhiteElo "2549"]
[BlackElo "2082"]
[PlyCount "49"]
[EventDate "2022.09.27"]
[EventType "swiss (blitz)"]
[EventRounds "11"]
[EventCountry "USA"]
[SourceTitle "CBM 210 Extra"]
[Source "ChessBase"]
[SourceDate "2022.11.30"]
[SourceVersion "1"]
[SourceVersionDate "2022.11.30"]
[SourceQuality "1"]

1. Nf3 Nf6 2. c4 g6 3. Nc3 Bg7 4. e4 d6 5. d4 0-0 6. Be2 Nbd7 7. 0-0 e5 8. Qc2 exd4 9. Nxd4 a5 10. Rd1 Nc5 11. f3 Nfd7 12. Be3 b6 13. Ndb5 Ba6 14. Qd2 Rc8 15. Bf1 Qe7 16. Nd5 Qd8 17. Na7 Ra8 18. Nc6 Qh4 19. Nxc7 Rac8 20. Bg5 Qh5 21. Ne7+ Kh8 22. Nxc8 Rxc8 23. Nb5 Bxb5 24. cxb5 Ne5 25. Bf4 1-0

[Event "Titled Tuesday intern op 14th Dec"]
[Site "Chess.com INT"]
[Date "2021.12.14"]
[Round "5"]
[White "Al Tarbosh, Ward"]
[Black "Arutinian, David"]
[Result "0-1"]
[WhiteElo "2222"]
[BlackElo "2549"]
[PlyCount "110"]
[EventDate "2021.12.14"]
[EventType "swiss (blitz)"]
[EventRounds "11"]
[EventCountry "USA"]
[SourceTitle "EXT 2023"]
[Source "ChessBase"]
[SourceDate "2022.10.05"]
[SourceVersion "1"]
[SourceVersionDate "2022.10.05"]
[SourceQuality "1"]

1. e4 c6 2. Nf3 d5 3. Nc3 dxe4 4. Nxe4 Nf6 5. Nxf6+ exf6 6. Bc4 Bd6 7. Qe2+ Qe7 8. Qxe7+ Kxe7 9. 0-0 Re8 10. Re1+ Kf8 11. Rxe8+ Kxe8 12. d4 Bg4 13. Be3 Nd7 14. Re1 Kf8 15. Be2 Bf5 16. c4 a6 17. c5 Bc7 18. b4 Be6 19. a3 h6 20. Nd2 f5 21. g3 Nf6 22. Nc4 Nd5 23. Bd2 Rd8 24. Bf3 Nf6 25. Nd6 Bxd6 26. cxd6 Nd5 27. Bxd5 Bxd5 28. Bf4 Be6 29. h4 h5 30. Rc1 Ke8 31. Kf1 Kd7 32. Ke2 Re8 33. Kd2 Bd5 34. a4 f6 35. b5 Re4 36. Kd3 g5 37. bxa6 bxa6 38. hxg5 fxg5 39. Be5 Rg4 40. Ke3 h4 41. gxh4 Rxh4 42. Rb1 Rh3+ 43. Kd2 Rb3 44. Rxb3 Bxb3 45. a5 Bf7 46. Ke3 Ke6 47. Kf3 Be8 48. Ke3 f4+ 49. Kd3 Kf5 50. Kc4 g4 51. Kc5 g3 52. d7 Bxd7 53. fxg3 f3 54. d5 f2 55. dxc6 Bxc6 0-1

[Event "Titled Tuesday intern op 14th Dec"]
[Site "Chess.com INT"]
[Date "2021.12.14"]
[Round "1"]
[White "Loy, Konstantin"]
[Black "Arutinian, David"]
[Result "1-0"]
[WhiteElo "2268"]
[BlackElo "2549"]
[PlyCount "111"]
[EventDate "2021.12.14"]
[EventType "swiss (blitz)"]
[EventRounds "11"]
[EventCountry "USA"]
[SourceTitle "EXT 2023"]
[Source "ChessBase"]
[SourceDate "2022.10.05"]
[SourceVersion "1"]
[SourceVersionDate "2022.10.05"]
[SourceQuality "1"]

1. e4 c6 2. d4 d5 3. exd5 cxd5 4. c4 Nf6 5. Nc3 e6 6. Nf3 Bb4 7. cxd5 Nxd5 8. Qc2 Nc6 9. a3 Bd6 10. Bd3 h6 11. 0-0 0-0 12. Nxd5 exd5 13. h3 Qf6 14. Be2 Re8 15. Be3 Rb8 16. Qb3 Be6 17. Rac1 a6 18. Rfe1 Na5 19. Qb6 Qd8 20. Qxd8 Rbxd8 21. b4 Nc4 22. Bxc4 dxc4 23. Ne5 Rc8 24. Re2 Bd5 25. Rec2 b5 26. Nd7 Be4 27. Rd2 Bd3 28. Nc5 Bxc5 29. dxc5 f6 30. Bd4 Kf7 31. f3 Ke6 32. Kf2 Kd5 33. Bc3 Re6 34. Rdd1 Rce8 35. Re1 Re2+ 36. Rxe2 Rxe2+ 37. Kg3 h5 38. Rd1 h4+ 39. Kxh4 Rxg2 40. Rd2 Ke6 41. Rxg2 g5+ 42. Kg3 Kf5 43. Rd2 Ke6 44. Kf2 f5 45. Ke3 f4+ 46. Kf2 Kd5 47. Rd1 Ke6 48. Re1+ Kf5 49. Re5+ Kg6 50. c6 Bf5 51. Rxf5 Kxf5 52. c7 Ke6 53. c8Q+ Kd5 54. Qc5+ Ke6 55. Qe5+ Kd7 56. Qxg5 1-0

[Event "Titled Tuesday intern op 14th Dec"]
[Site "Chess.com INT"]
[Date "2021.12.14"]
[Round "3"]
[White "Nilsen, Tobias Lang"]
[Black "Arutinian, David"]
[Result "0-1"]
[WhiteElo "2279"]
[BlackElo "2549"]
[PlyCount "82"]
[EventDate "2021.12.14"]
[EventType "swiss (blitz)"]
[EventRounds "11"]
[EventCountry "USA"]
[SourceTitle "EXT 2023"]
[Source "ChessBase"]
[SourceDate "2022.10.05"]
[SourceVersion "1"]
[SourceVersionDate "2022.10.05"]
[SourceQuality "1"]

1. e4 c6 2. Nc3 d5 3. Nf3 dxe4 4. Nxe4 Nf6 5. Qe2 Nxe4 6. Qxe4 Nd7 7. Bc4 Nf6 8. Ne5 e6 9. Qe2 Be7 10. b3 0-0 11. Bb2 Qc7 12. 0-0 b6 13. f4 Bb7 14. Rf3 c5 15. Rh3 Rad8 16. Bd3 g6 17. Rf1 Rd4 18. Bxd4 cxd4 19. Ng4 Nd5 20. Nh6+ Kg7 21. Qe5+ Qxe5 22. fxe5 Nb4 23. Ng4 Bg5 24. Nf6 h6 25. Rf2 Rc8 26. Ne4 Bxe4 27. Bxe4 Nxa2 28. Rhf3 Rc7 29. c3 dxc3 30. dxc3 Nc1 31. b4 Nb3 32. h4 Bxh4 33. Rb2 Nc1 34. Kf1 Bg5 35. Rb1 Na2 36. Rb2 Nc1 37. Ke1 Rc4 38. Bb1 Rc7 39. Rc2 a5 40. bxa5 bxa5 41. g3 a4 0-1

[Event "Titled Tuesday intern op 23rd Nov"]
[Site "Chess.com INT"]
[Date "2021.11.23"]
[Round "9"]
[White "Arutinian, David"]
[Black "Karttunen, Mika"]
[Result "1-0"]
[WhiteElo "2549"]
[BlackElo "2484"]
[PlyCount "77"]
[EventDate "2021.11.23"]
[EventType "swiss (blitz)"]
[EventRounds "11"]
[EventCountry "USA"]
[SourceTitle "CBM 205 Extra"]
[Source "ChessBase"]
[SourceDate "2022.01.31"]
[SourceVersion "1"]
[SourceVersionDate "2022.01.31"]
[SourceQuality "1"]

1. Nf3 Nf6 2. c4 g6 3. Nc3 d6 4. e4 Bg7 5. d4 0-0 6. Be2 e5 7. 0-0 Nc6 8. d5 Ne7 9. Ne1 Nd7 10. Be3 f5 11. f3 f4 12. Bf2 g5 13. Rc1 Ng6 14. Nb5 b6 15. b4 a6 16. Nc3 Rf7 17. c5 bxc5 18. bxc5 Nxc5 19. Bxc5 dxc5 20. Na4 g4 21. fxg4 f3 22. Bxf3 Bh6 23. Rc3 Qd6 24. Nxc5 Be3+ 25. Rxe3 Qxc5 26. Qb3 Nf4 27. Qc3 Qb6 28. Kh1 Bd7 29. Nc2 Bb5 30. Rfe1 Re8 31. g5 Qg6 32. Bg4 Qxg5 33. Rg3 Qh4 34. Bh5+ Ng6 35. Bxg6 hxg6 36. Ne3 Kg7 37. Nf5+ Rxf5 38. exf5 Qf4 39. Qxc7+ 1-0

[Event "Titled Tuesday intern op 23rd Nov"]
[Site "Chess.com INT"]
[Date "2021.11.23"]
[Round "7"]
[White "Arutinian, David"]
[Black "Slavin, Alexei"]
[Result "1-0"]
[WhiteElo "2549"]
[BlackElo "2364"]
[PlyCount "57"]
[EventDate "2021.11.23"]
[EventType "swiss (blitz)"]
[EventRounds "11"]
[EventCountry "USA"]
[SourceTitle "CBM 205 Extra"]
[Source "ChessBase"]
[SourceDate "2022.01.31"]
[SourceVersion "1"]
[SourceVersionDate "2022.01.31"]
[SourceQuality "1"]

1. Nf3 Nc6 2. c4 d6 3. d4 Bg4 4. d5 Ne5 5. Nxe5 dxe5 6. h3 Bd7 7. e4 e6 8. Nc3 exd5 9. cxd5 a6 10. Be2 Bd6 11. 0-0 Ne7 12. Be3 Ng6 13. Bg4 0-0 14. Rc1 Nf4 15. Rc2 Bxg4 16. Qxg4 h5 17. Qf3 g6 18. Kh2 Qd7 19. Ne2 Nxe2 20. Qxe2 Kg7 21. Qd2 Rh8 22. Bc5 Rac8 23. Rfc1 h4 24. Qb4 b6 25. Bxd6 a5 26. Bxe5+ Kh7 27. Qd4 Rhe8 28. Rxc7 Rxc7 29. Rxc7 1-0

[Event "Titled Tuesday intern op 23rd Nov"]
[Site "Chess.com INT"]
[Date "2021.11.23"]
[Round "10"]
[White "Ghazarian, Kirk Vagho"]
[Black "Arutinian, David"]
[Result "0-1"]
[WhiteElo "2346"]
[BlackElo "2549"]
[PlyCount "88"]
[EventDate "2021.11.23"]
[EventType "swiss (blitz)"]
[EventRounds "11"]
[EventCountry "USA"]
[SourceTitle "CBM 205 Extra"]
[Source "ChessBase"]
[SourceDate "2022.01.31"]
[SourceVersion "1"]
[SourceVersionDate "2022.01.31"]
[SourceQuality "1"]

1. e4 c6 2. d4 d5 3. Nc3 dxe4 4. Nxe4 Bf5 5. Ng3 Bg6 6. h4 h6 7. h5 Bh7 8. Nf3 Nd7 9. Bd3 Bxd3 10. Qxd3 e6 11. Bd2 Ngf6 12. 0-0-0 Be7 13. Kb1 Qb6 14. Ne5 Rd8 15. Nxd7 Rxd7 16. Be3 0-0 17. Ne4 Ng4 18. Qe2 Nxe3 19. fxe3 c5 20. c3 Rfd8 21. Nd2 Rd5 22. Rhf1 cxd4 23. exd4 Qb5 24. c4 Qa6 25. Qf3 Rf5 26. Qe4 Rxf1 27. Rxf1 Bf6 28. d5 exd5 29. cxd5 Qb5 30. Rxf6 gxf6 31. Qg4+ Kf8 32. Qf4 Qd3+ 33. Ka1 Rxd5 34. Qxh6+ Kg8 35. Nb1 Qd4 36. Qc1 Kg7 37. Qc7 Rb5 38. Qg3+ Rg5 39. Qb3 Rxh5 40. Qxb7 Rh1 41. a3 Qd3 42. Ka2 Qxb1+ 43. Kb3 Qd3+ 44. Ka2 Qc4+ 0-1

[Event "Titled Tuesday intern op 23rd Nov"]
[Site "Chess.com INT"]
[Date "2021.11.23"]
[Round "11"]
[White "Khabinets, Ivan"]
[Black "Arutinian, David"]
[Result "1/2-1/2"]
[WhiteElo "1980"]
[BlackElo "2549"]
[PlyCount "86"]
[EventDate "2021.11.23"]
[EventType "swiss (blitz)"]
[EventRounds "11"]
[EventCountry "USA"]
[SourceTitle "CBM 205 Extra"]
[Source "ChessBase"]
[SourceDate "2022.01.31"]
[SourceVersion "1"]
[SourceVersionDate "2022.01.31"]
[SourceQuality "1"]

1. e4 c6 2. d4 d5 3. e5 Bf5 4. Nf3 e6 5. Be2 Ne7 6. c3 h6 7. 0-0 Nd7 8. Nbd2 g5 9. Ne1 Bg7 10. a4 Qc7 11. a5 c5 12. a6 bxa6 13. Rxa6 0-0 14. Bd3 cxd4 15. cxd4 Rfc8 16. Nb3 Rab8 17. Be3 Bxd3 18. Nxd3 Nf5 19. Ndc5 Nxc5 20. Nxc5 Rxb2 21. Qa4 Ra8 22. h3 Rb6 23. Ra5 Qc6 24. Ra1 Qxa4 25. R1xa4 Bf8 26. Rxa7 Rxa7 27. Rxa7 Rb1+ 28. Kh2 Bxc5 29. dxc5 Nxe3 30. fxe3 Rc1 31. Rc7 Rc3 32. c6 Rxe3 33. Rd7 Rc3 34. c7 Kg7 35. g4 Kg6 36. Re7 d4 37. Kg2 f6 38. Rxe6 Rxc7 39. Rxf6+ Kg7 40. Rd6 Re7 41. Rxd4 Rxe5 42. Rd7+ Kf6 43. Rd2 Re6 1/2-1/2

[Event "Titled Tuesday intern op 06th July"]
[Site "Chess.com INT"]
[Date "2021.07.06"]
[Round "5"]
[White "Kotepalli, Sai Nirupama"]
[Black "Arutinian, David"]
[Result "1-0"]
[WhiteElo "1914"]
[BlackElo "2549"]
[PlyCount "103"]
[EventDate "2021.07.06"]
[EventType "swiss (blitz)"]
[EventRounds "11"]
[EventCountry "USA"]
[SourceTitle "EXT 2022"]
[Source "ChessBase"]
[SourceDate "2021.10.06"]
[SourceVersion "1"]
[SourceVersionDate "2021.10.06"]
[SourceQuality "1"]

1. d4 Nf6 2. Bf4 d5 3. e3 e6 4. Nf3 Bd6 5. Bg3 0-0 6. Bd3 c5 7. c3 Qc7 8. Nbd2 Nbd7 9. 0-0 e5 10. dxe5 Nxe5 11. Nxe5 Bxe5 12. Bxe5 Qxe5 13. Nf3 Qe7 14. h3 b6 15. Re1 Bb7 16. Rc1 Rad8 17. Qe2 Rd6 18. c4 dxc4 19. Bxc4 Ne4 20. Red1 Rg6 21. Bd3 Rh6 22. Bxe4 Bxe4 23. Nd2 Bb7 24. Nf1 Qe6 25. Ng3 Qxa2 26. Rd7 Bc6 27. Rc7 Qe6 28. Rxa7 Re8 29. Qg4 Qf6 30. b4 Rg6 31. Qe2 cxb4 32. Qc4 Qe5 33. Qxb4 h5 34. Qd4 Qg5 35. Qf4 Qxf4 36. exf4 h4 37. Nf5 Rxg2+ 38. Kf1 Bf3 39. Nxh4 Rh2 40. Nxf3 Rxh3 41. Kg2 Rh6 42. Rcc7 Rg6+ 43. Kh3 Rf6 44. Kg3 Rg6+ 45. Kh4 Rh6+ 46. Kg4 Rf6 47. Ng5 Rf8 48. Rcb7 g6 49. Ne4 Re6 50. f3 f5+ 51. Kg5 Rc8 52. Nf6+ 1-0

[Event "Titled Tuesday intern op 06th July"]
[Site "Chess.com INT"]
[Date "2021.07.06"]
[Round "8"]
[White "Levitsky, Andrey"]
[Black "Arutinian, David"]
[Result "0-1"]
[WhiteElo "2348"]
[BlackElo "2549"]
[PlyCount "98"]
[EventDate "2021.07.06"]
[EventType "swiss (blitz)"]
[EventRounds "11"]
[EventCountry "USA"]
[SourceTitle "EXT 2022"]
[Source "ChessBase"]
[SourceDate "2021.10.06"]
[SourceVersion "1"]
[SourceVersionDate "2021.10.06"]
[SourceQuality "1"]

1. e4 c6 2. d4 d5 3. Nc3 dxe4 4. Nxe4 Bf5 5. Ng3 Bg6 6. h4 h6 7. Nf3 Nd7 8. h5 Bh7 9. Bd3 Bxd3 10. Qxd3 e6 11. Bd2 Ngf6 12. 0-0-0 Be7 13. Kb1 Qb6 14. Ne2 Rd8 15. Nf4 0-0 16. Rhg1 Ng4 17. Qe2 Qb5 18. c4 Qf5+ 19. Ka1 Rfe8 20. g3 c5 21. Bc3 Bf6 22. Rge1 a6 23. a3 cxd4 24. Nxd4 Bxd4 25. Bxd4 e5 26. Nd5 exd4 27. Ne7+ Rxe7 28. Qxe7 Rc8 29. f4 Ngf6 30. Rxd4 b5 31. cxb5 axb5 32. Qb4 Qxh5 33. Red1 Qf5 34. Qb3 Nc5 35. Qxb5 Qe6 36. Kb1 Qf5+ 37. Ka1 Qe6 38. Kb1 h5 39. Qb4 Nb3 40. Rd8+ Rxd8 41. Rxd8+ Kh7 42. Rd1 Ne4 43. Qb5 g6 44. Qd3 Nec5 45. Qc2 Qg4 46. f5 gxf5 47. Rd5 Kg6 48. Rd6+ f6 49. Rd5 Qe4 0-1

[Event "Ismagambetov Memorial 1st"]
[Site "Chess.com INT"]
[Date "2020.06.26"]
[Round "11"]
[White "Arutinian, David"]
[Black "Murzin, Volodar"]
[Result "1-0"]
[WhiteElo "2549"]
[BlackElo "2465"]
[PlyCount "101"]
[EventDate "2020.06.26"]
[EventType "swiss (blitz)"]
[EventRounds "11"]
[EventCountry "KAZ"]
[SourceTitle "CBM 197 Extra"]
[Source "ChessBase"]
[SourceDate "2020.09.30"]
[SourceVersion "1"]
[SourceVersionDate "2020.09.30"]
[SourceQuality "1"]

1. Nf3 Nf6 2. c4 g6 3. Nc3 Bg7 4. e4 d6 5. d4 0-0 6. Be2 e5 7. 0-0 Nc6 8. d5 Ne7 9. Ne1 Nd7 10. Be3 a5 11. a3 f5 12. f3 b6 13. b4 Nf6 14. Rc1 axb4 15. axb4 Ra3 16. Bd3 fxe4 17. Nxe4 Nf5 18. Bf2 Nd4 19. Ra1 Rxa1 20. Qxa1 Nxe4 21. fxe4 Bg4 22. Qa2 Qg5 23. c5 bxc5 24. bxc5 h5 25. cxd6 cxd6 26. Qa6 Qd2 27. Bxd4 exd4 28. Rxf8+ Bxf8 29. Kf1 Qf4+ 30. Kg1 Qe3+ 31. Kf1 Qf4+ 32. Kg1 Bg7 33. Qa8+ Kh7 34. Qa2 Be5 35. g3 Qe3+ 36. Qf2 h4 37. Qxe3 dxe3 38. gxh4 Bd4 39. Kf1 Kh6 40. Be2 Bh3+ 41. Ng2 Be5 42. Kg1 Bd4 43. Nf4 Bd7 44. Kg2 Be5 45. Kf3 Bd4 46. Kg3 Be5 47. Kf3 Bd4 48. Ng2 Bh3 49. Nxe3 Kh5 50. Kg3+ Kh6 51. Nc2 1-0

[Event "Ismagambetov Memorial 1st"]
[Site "Chess.com INT"]
[Date "2020.06.26"]
[Round "10"]
[White "Askarov, Bakhtiyar"]
[Black "Arutinian, David"]
[Result "0-1"]
[WhiteElo "2425"]
[BlackElo "2549"]
[PlyCount "54"]
[EventDate "2020.06.26"]
[EventType "swiss (blitz)"]
[EventRounds "11"]
[EventCountry "KAZ"]
[SourceTitle "CBM 197 Extra"]
[Source "ChessBase"]
[SourceDate "2020.09.30"]
[SourceVersion "1"]
[SourceVersionDate "2020.09.30"]
[SourceQuality "1"]

1. d4 Nf6 2. Nf3 e6 3. Bf4 d5 4. e3 Bd6 5. Bg3 0-0 6. Nbd2 c5 7. c3 Qc7 8. Ne5 Nc6 9. f4 b6 10. Bd3 Bb7 11. Bh4 Nd7 12. Qe2 f6 13. Qh5 f5 14. g4 Bxe5 15. fxe5 Ndxe5 16. dxe5 Nxe5 17. Be2 d4 18. Rg1 d3 19. Bd1 c4 20. Bg3 Qc5 21. Bf4 Ng6 22. Qg5 Nxf4 23. Qxf4 e5 24. Qg3 f4 25. exf4 Rxf4 26. Rf1 Raf8 27. Rxf4 Rxf4 0-1

[Event "GEO-ch 79th"]
[Site "Tbilisi"]
[Date "2020.02.09"]
[Round "4.4"]
[White "Arutinian, David"]
[Black "Gagunashvili, Merab"]
[Result "1/2-1/2"]
[WhiteElo "2551"]
[BlackElo "2580"]
[PlyCount "81"]
[EventDate "2020.01.29"]
[EventType "k.o."]
[EventRounds "4"]
[EventCountry "GEO"]
[SourceTitle "CBM 194 Extra"]
[Source "ChessBase"]
[SourceDate "2020.03.31"]
[SourceVersion "1"]
[SourceVersionDate "2020.03.31"]
[SourceQuality "1"]

1. Nf3 d5 2. e3 Nf6 3. c4 c6 4. Nc3 e6 5. b3 Nbd7 6. Bb2 Bd6 7. d4 0-0 8. Bd3 b6 9. 0-0 Bb7 10. Qc2 c5 11. cxd5 exd5 12. Rfd1 Qe7 13. Qe2 a6 14. Bf5 Rad8 15. Rac1 Rfe8 16. Bxd7 Nxd7 17. dxc5 Nxc5 18. Qc2 Ne4 19. Ne2 Rc8 20. Qd3 Ng5 21. Ned4 Nxf3+ 22. Nxf3 f6 23. h3 Qd7 24. Nd4 Be5 25. Qd2 Rxc1 26. Rxc1 Rc8 27. Rd1 Bxd4 28. Bxd4 Qe6 29. a4 Qd6 30. Ra1 Rc6 31. Qe2 Qc7 32. Qg4 Bc8 33. Qh5 Qf7 34. Qf3 Be6 35. Qf4 Qb7 36. b4 b5 37. axb5 Qxb5 38. Bc5 Qb7 39. Qd4 Qc8 40. Ra5 h6 41. Ra1 1/2-1/2